| 000 | 01500cam a22003857a 4500 | ||
|---|---|---|---|
| 003 | CHAP | ||
| 005 | 20220817040828.0 | ||
| 008 | 971013s1988 r 00010 d | ||
| 010 | _a1046 | ||
| 011 | _a2018 | ||
| 035 | _a1203 | ||
| 040 | _cCHAP | ||
| 082 |
_a630.72 _bG84 |
||
| 100 | 0 | 0 |
_aGuevara Calderón, José. _951299 |
| 245 | 1 | 3 | _aLa agricultura mexicana y su desarrollo regional |
| 260 |
_aChapingo, Méx. : _bUACH, _c1988 |
||
| 300 | _a155 p. | ||
| 500 | _a40-33 | ||
| 590 |
_aBATCH-UPD _b10 _c20130110 _lUCH01 _h1133 |
||
| 590 |
_aBATCH-UPD _b10 _c20130410 _lUCH01 _h0721 |
||
| 590 |
_aBATCH-UPD _b10 _c20130914 _lUCH01 _h0038 |
||
| 590 |
_aBATCH-UPD _b10 _c20130914 _lUCH01 _h1824 |
||
| 590 |
_aCONVERSION _b10 _c20130109 _lUCH01 _h1302 |
||
| 650 | 1 | 4 |
_aAgricultura _zMéxico. _91932 |
| 650 | 1 | 4 |
_aMéxico _xCondiciones rurales. |
| 901 | _aBK | ||
| 942 | _cLIBRO | ||
| 949 |
_a630.72 G84 _bBC _cLIBRO _d33724000038048 _eLIBRO _gI. c/e _h78078 _i1203 _si _t755.00 |
||
| 949 |
_a630.72 G84 _bBC _cLIBRO _d33724000038113 _eLIBRO _fc.7 _h83127 _i1203 _si _t755.00 |
||
| 949 |
_a630.72 G84 _bBC _cLIBRO _d33724000038121 _eLIBRO _fc.6 _h84126 _i1203 _si _t755.00 |
||
| 949 |
_a630.72 G84 _bBC _cLIBRO _d33724000038139 _eLIBRO _fc.5 _h83125 _i1203 _si _t755.00 |
||
| 949 |
_a630.72 G84 _bBC _cLIBRO _d33724000038147 _eLIBRO _fc.4 _h83124 _i1203 _si _t755.00 |
||
| 949 |
_a630.72 G84 _bBC _cLIBRO _d33724000038154 _eLIBRO _fc.3 _h83123 _i1203 _si _t755.00 |
||
| 949 |
_a630.72 G84 _bBC _cLIBRO _d33724000038162 _eLIBRO _fc.2 _h78079 _i1203 _si _t755.00 |
||
| 999 |
_c1046 _d1046 |
||